00258 a2200109 450000100060000008200170000610000210002324500510004425000060009526000320010130000150013355959 a629.1326 BLA aJohn H Blakelock aAutomatic control of aircraft and missiles, 2e a2 aNYbJohn Wiely & Sonsc1991 axv, 646 p.